00593cam a2200193ua 4500020000900000041001000009082002000019100002900039245008300068250001200151260004900163300001200212365000900224504000500233700002500238942000700263999001900270952011000289 c2.00 aengh a823.301bSAR/MO aSarad Prasad, Saksena . aModern stories from east and west / cSarad Prasad Saksena.hTextual Documents a1 / b. aLondon : bOxford University Press , c1968. a124 ; . a2.00 a1 aManmohan, Saksena . cBK c334097d334097 01104170aKAUAETbKAUAETd2012-04-07l0o823.301pKAU_KCAEFT-12079r2025-09-03 00:00:00w2012-04-07yBK